| 000 | 00562nam a2200205 a 4500 | ||
|---|---|---|---|
| 005 | 20240924070916.0 | ||
| 008 | 030306s2001 mx r 000 0 spa d | ||
| 020 | _a8436815017 | ||
| 035 | _aUPN01000122615 | ||
| 049 | _aCG | ||
| 050 | 4 |
_aLB1050.22 _bC4.3 |
|
| 100 | 1 | _aClemente Linuesa, María | |
| 245 | 1 | 0 |
_aEnseñar a leer / _cMaría Clemente Linuesa. |
| 260 |
_aMadrid : _bPirámide, _cc2001. |
||
| 300 | _a166 p. | ||
| 440 | 0 |
_aOjos solares. _pDesarrollo |
|
| 650 | 4 |
_aLectura _xEstudio y enseñanza _96274 |
|
| 650 | 4 |
_aLectura _913351 |
|
| 905 | _aLibro | ||
| 999 |
_c94800 _d94800 |
||